Acheloios, Thales, and the origin of philosophy : a response to the neo-Marxians /

Through careful analysis of the archaeological record, close reading of ancient sources, and deep investigations into the languages of our past, this study demonstrates the importance of the influence of the cult of Acheloios on Thales, fundamentally changing our understanding of the origin of the p...

وصف كامل

محفوظ في:

المؤلف الرئيسي: Molinari, Nicholas J. (مؤلف)

التنسيق: كتاب الكتروني

اللغة: English

منشور في: Oxford : Archaeopress Archaeology, 2022.

سلاسل: Archaeology and classical humanities ; volume 1.

الموضوعات:

الوصول للمادة أونلاين: Login to view Source

الوسوم: إضافة وسم

لا توجد وسوم, كن أول من يضع وسما على هذه التسجيلة!

رقم الطلب: B168

LEADER 02129nam a2200445 i 4500
001 EDZ0002761349
003 StDuBDS
005 20230412183207.0
006 m|||||o||d||||||||
007 cr |||||||||||
008 220514s2022 enka fob 001|0|eng|d
020 |a 9781803270876 (PDF ebook) :  |c £60.00 
024 7 |a 10.32028/9781803270869  |2 doi 
040 |a StDuBDS  |b eng  |c StDuBDS  |e rda  |e pn 
050 4 |a B168 
082 0 4 |a 180  |2 23 
100 1 |a Molinari, Nicholas J.,  |e author. 
245 1 0 |a Acheloios, Thales, and the origin of philosophy :  |b a response to the neo-Marxians /  |c Nicholas J. Molinari. 
264 1 |a Oxford :  |b Archaeopress Archaeology,  |c 2022. 
300 |a 1 online resource (x, 238 pages) :  |b illustrations (black and white, and colour). 
336 |a text  |2 rdacontent 
336 |a still image  |2 rdacontent 
337 |a computer  |2 rdamedia 
338 |a online resource  |2 rdacarrier 
490 1 |a Archaeology and classical humanities ;  |v volume 1 
500 |a Also issued in print: 2022. 
504 |a Includes bibliographical references and index. 
520 8 |a Through careful analysis of the archaeological record, close reading of ancient sources, and deep investigations into the languages of our past, this study demonstrates the importance of the influence of the cult of Acheloios on Thales, fundamentally changing our understanding of the origin of the philosophical experience in 6th century Ionia. 
521 |a Specialized. 
588 |a Description based on online resource; title from PDF title page (viewed on May 30, 2022). 
650 0 |a Philosophy, Ancient  |x History. 
600 0 0 |a Thales,  |d approximately 634 B.C.-approximately 546 B.C. 
600 0 0 |a Achelous  |c (Greek deity) 
650 0 |a Mythology, Greek  |x Influence. 
776 0 8 |i Print version :  |z 9781803270869 
830 0 |a Archaeology and classical humanities ;  |v volume 1. 
856 4 0 |3 Archaeopress  |u http://library.arce.org:8087/Archaeopress/Products/9781803270869 
942 |2 lcc  |c EBOOK 
952 |0 0  |1 0  |4 0  |6 B0168  |7 1  |9 46887  |a ARCH  |b ARCH  |d 2023-04-12  |l 0  |o B168  |r 2023-04-12 00:00:00  |w 2023-04-12  |y EBOOK 
999 |c 52545  |d 52545